| 000 | 00342 a2200133 4500 | ||
|---|---|---|---|
| 005 | 20250626124430.0 | ||
| 020 | _a978-1-4718-3600- 8 | ||
| 082 | _a658 McL | ||
| 100 | _aMcLEOD, C . | ||
| 245 | _aHigher Business Management | ||
| 260 |
_aLondon, _bHodder Gibson, _c2015. |
||
| 300 |
_axii, 156p.: ill.; figure, table, _c29cm. |
||
| 942 |
_2ddc _cBKS |
||
| 999 |
_c5330 _d5330 |
||